| 000 | 01194aam a2200325 i 4500 | ||
|---|---|---|---|
| 001 | 76714001 | ||
| 003 | CO-MdFUSB | ||
| 005 | 20250916173023.0 | ||
| 007 | ta | ||
| 008 | 250916t2010 xxu||||| |||| 00| 0 spa d | ||
| 020 | _a978-0-8297-5523-7 | ||
| 040 |
_aCO-MdFUSB _bspa _cCO-MdFUSB _dCO-MdFUSB _erda |
||
| 041 | _aspa | ||
| 082 | 0 | 4 |
_223 _a251 _bA5451p |
| 100 | 1 |
_aAnderson, Kenton C. _eautor |
|
| 240 | _achoosing to preach | ||
| 245 | 1 | 0 |
_aPredicar es una decisión : _buna introducción descriptiva de homilética bíblica _c/ Kenton C. Anderson |
| 264 | 1 |
_bVida, _aMiami : _c[2010] |
|
| 264 | 4 | _c©2010 | |
| 300 | _a271 páginas | ||
| 336 |
_atexto _btxt _2rdacontent |
||
| 337 |
_2rdamedia _asin mediación _bn |
||
| 338 |
_2rdacarrier _avolumen _bnc |
||
| 505 | 0 | 0 | _a\I PARTE: Opciones. ¿Va a predicar? -- ¿Va a predicar la Biblia? -- ¿Cómo comunicará el mensaje? \ II PARTE: Estructuras. Formule un argumento: El sermón enunciativo -- Resuelva un misterio: El sermón pragmático -- Pinte un cuadro: El sermón integrador |
| 563 | _aRústico | ||
| 653 | _aHomiletica | ||
| 700 |
_aDíaz de Arce, Omar, _95945 _etraductor |
||
| 942 | _cBK | ||
| 945 | _aElías Tolentino | ||
| 999 |
_c40359 _d40359 |
||